| 000 | 01128nam a22002775i 4500 | ||
|---|---|---|---|
| 001 | 157929 | ||
| 003 | ES-MaACL | ||
| 005 | 20250902063108.0 | ||
| 008 | 010206s1894 sp |||| | spa d | ||
| 100 | 1 |
_aLombroso, Cesare, _d1835-1909 _9242173 |
|
| 245 | 1 | 4 |
_aLos anarquistas / _cCésar Lombroso ; traducción y notas por Julio Campo y Gabriel Ricardo España. |
| 260 |
_aMadrid : _b[s.n.], _c1894 ( _fEstab. Tip. Sucesores de Rivadeneyra) |
||
| 300 |
_a208 p. ; _c19 cm. |
||
| 490 | 1 |
_aBiblioteca social contemporánea ; _v1 |
|
| 504 | _aReferencias bibliográficas. | ||
| 530 | _aDisponible en formato digital. | ||
| 650 | 7 |
_aAnarquismo _2embne _99783 |
|
| 650 | 4 |
_aAnarquistas. _9135561 |
|
| 700 | 1 |
_aCampo, Julio. _9126302 |
|
| 700 | 1 |
_aEspaña, Gabriel Ricardo. _9126962 |
|
| 830 | 1 |
_aBiblioteca social contemporánea ; _v1 _9221821 |
|
| 852 |
_aES-MaACL _jD-2412 _z- Enc. tela |
||
| 852 |
_aES-MaACL _jT-875-F-2 _z- Ded. manuscrita al Ateneo de Gabriel Ricardo España |
||
| 856 |
_uhttp://bdh-rd.bne.es/viewer.vm?id=0000251452&page=1 _zBiblioteca Digital Hispánica |
||
| 999 |
_c157929 _d157929 |
||